Skład Legii Warszawa 2021/22 - Statystyki

Ogólne statystyki
  • Ten quiz został rozwiązany 141 razy
  • Średni wynik to 17 z 34
Statystyki odpowiedzi
Pozycja Zawodnik % Poprawnych
BR Artur Boruc
90%
ŚO Artur Jędrzejczyk
87%
BR Cezary Miszta
85%
BR Kacper Tobiasz
85%
ŚN Tomas Pekhart
77%
ŚPO Josue
75%
ŚPO Bartosz Kapustka
73%
LO Filip Mladenović
71%
ŚP Bartosz Slisz
70%
ŚO Maik Nawrocki
68%
ŚO Mateusz Wieteska
63%
ŚN Mahir Emreli
62%
ŚO Lindsay Rose
60%
PO Mattias Johansson
60%
ŚN Ernest Muci
56%
LO Yuri Ribeiro
55%
PN Lirim Kastrati
53%
ŚP Andre Martins
48%
ŚPD Igor Kharatin
47%
ŚO Mateusz Hołownia
45%
ŚN Szymon Włodarczyk
45%
ŚPO Luquinhas
44%
ŚO Joel Abu Hanna
43%
ŚN Rafa Lopes
43%
ŚP Jurgen Celhaka
37%
PP Kacper Skibicki
37%
BR Wojciech Muzyk
28%
ŚN Kacper Kostorz
15%
ŚPD Jakub Kisiel
14%
LP Kacper Skwierczynski
9%
LP Tomasz Nawotka
7%
LN Rui Gomes
6%
ŚN Wiktor Kamiński
6%
ŚP Karol Noiszewski
5%
Nie znaleziono quizów pasujących do podanych kryteriów
Rozkład punktacji
Procent ludzi z każdym wynikiem
Percentyl według liczby udzielonych odpowiedzi
Twoja historia wyników
Nie rozwiązałeś tego quizu